000 00873nam a22002777a 4500
003 CHAP
005 20240905175217.0
008 111128s1972 mx a r 00010 spa d
010 _a102586
011 _a103558
035 _a114247
040 _cCHAP
090 _aFolleto 18108
110 1 _aMéxico. Secretaría de Recursos Hidráulicos
_977210
245 1 3 _aLa acuacultura en México
_c/por Secretaria de Recursos Hidraúlicos
260 _aMéxico, D.F. :
_bSRH,
_c1972
300 _a36 p. :
_bilus.
590 _aBATCH-UPD
_b10
_c20130110
_lUCH01
_h1554
590 _aBATCH-UPD
_b10
_c20130410
_lUCH01
_h0951
590 _aBATCH-UPD
_b10
_c20130913
_lUCH01
_h2022
590 _aCONVERSION
_b10
_c20130109
_lUCH01
_h1356
650 0 7 _aAcuicultura
_zMéxico
_2
_9775
901 _aBK
942 _cFOLL
949 _aFolleto 18108
_bBC
_cFOLL
_d33724002314743
_eTS1
_i114247
_sb
999 _c102586
_d102586